[Event "Tata Steel Masters"]
[Date "2026.01.25"]
[White "Nguyen, Thai Dai Van"]
[Black "Erdogmus, Yagiz Kaan"]
[WhiteElo "2656"]
[BlackElo "2658"]
[Round "9.9.2"]
[Result "0-1"]

e4 {[%clk 01:59:54] [%emt 00:00:04]} e5 {[%clk 01:59:49] [%emt 00:00:13]} Nf3
{[%clk 01:59:43] [%emt 00:00:10]} Nc6 {[%clk 01:59:42] [%emt 00:00:07]} Bb5
{[%clk 01:59:30] [%emt 00:00:14]} a6 {[%clk 01:59:09] [%emt 00:00:34]} Ba4
{[%clk 01:59:09] [%emt 00:00:20]} Nf6 {[%clk 01:58:15] [%emt 00:00:54]} d3
{[%clk 01:58:45] [%emt 00:00:24]} d6 {[%clk 01:48:40] [%emt 00:09:36]} c3 {[%clk
01:58:28] [%emt 00:00:17]} g6 {[%clk 01:44:58] [%emt 00:03:42]} O-O {[%clk
01:58:10] [%emt 00:00:17]} Bg7 {[%clk 01:44:46] [%emt 00:00:13]} Re1 {[%clk
01:57:12] [%emt 00:00:58]} O-O {[%clk 01:44:15] [%emt 00:00:30]} h3 {[%clk
01:57:08] [%emt 00:00:05]} b5 {[%clk 01:34:18] [%emt 00:09:58]} Bc2 {[%clk
01:54:05] [%emt 00:03:03]} Bb7 {[%clk 01:26:45] [%emt 00:07:33]} Be3 {[%clk
01:47:34] [%emt 00:06:30]} Nb8 {[%clk 01:18:45] [%emt 00:08:00]} Nbd2 {[%clk
01:25:05] [%emt 00:22:29]} c5 {[%clk 01:16:15] [%emt 00:02:31]} a4 {[%clk
01:12:50] [%emt 00:12:15]} Nbd7 {[%clk 00:52:20] [%emt 00:23:56]} d4 {[%emt
00:20:42]} exd4 {[%clk 00:34:39] [%emt 00:13:02]} cxd4 {[%clk 00:56:27] [%emt
00:00:20]} cxd4 {[%clk 00:26:52] [%emt 00:07:48]} Bxd4 {[%clk 00:54:50] [%emt
00:01:36]} Nc5 {[%clk 00:25:22] [%emt 00:01:30]} axb5 {[%clk 00:33:31] [%emt
00:21:19]} axb5 {[%clk 00:25:21] [%emt 00:00:01]} Qe2 {[%clk 00:23:47] [%emt
00:09:46]} Ne6 {[%clk 00:18:20] [%emt 00:07:00]} Qxb5 {[%clk 00:16:47] [%emt
00:07:01]} Nxd4 {[%clk 00:16:19] [%emt 00:02:02]} Nxd4 {[%clk 00:16:45] [%emt
00:00:01]} Rb8 {[%clk 00:14:52] [%emt 00:01:27]} Qd3 {[%clk 00:16:43] [%emt
00:00:01]} Nd7 {[%clk 00:14:22] [%emt 00:00:31]} N2b3 {[%clk 00:08:26] [%emt
00:08:18]} Qb6 {[%clk 00:11:50] [%emt 00:02:31]} Red1 {[%clk 00:05:58] [%emt
00:02:28]} Rfc8 {[%clk 00:11:00] [%emt 00:00:50]} Qd2 {[%clk 00:04:44] [%emt
00:01:14]} Rc4 {[%clk 00:10:04] [%emt 00:00:55]} Ne2 {[%clk 00:02:18] [%emt
00:02:26]} Rbc8 {[%clk 00:07:41] [%emt 00:02:23]} Nc3 {[%clk 00:02:05] [%emt
00:00:13]} Be5 {[%clk 00:05:38] [%emt 00:02:04]} Qe2 {[%clk 00:01:24] [%emt
00:00:41]} Rb4 {[%clk 00:05:22] [%emt 00:00:15]} Ra3 {[%clk 00:01:06] [%emt
00:00:18]} Nf6 {[%clk 00:04:39] [%emt 00:00:44]} Qd2 {[%clk 00:00:49] [%emt
00:00:17]} Ba6 {[%clk 00:03:32] [%emt 00:01:07]} Rda1 {[%clk 00:00:46] [%emt
00:00:03]} Bc4 {[%clk 00:03:27] [%emt 00:00:05]} Na5 {[%clk 00:00:44]} Rxb2
{[%clk 00:02:06] [%emt 00:01:21]} Na4 {[%clk 00:00:43] [%emt 00:00:01]} Qb4
{[%clk 00:01:30] [%emt 00:00:36]} Qxb4 {[%clk 00:00:32] [%emt 00:00:11]} Rxb4
{[%clk 00:01:29]} Rb1 {[%clk 00:00:24] [%emt 00:00:08]} Rxb1+ Bxb1 {[%clk
00:00:23]} Bb5 {[%clk 00:01:01] [%emt 00:00:19]} Nb3 {[%clk 00:00:16] [%emt
00:00:07]} Ra8 {[%clk 00:01:01]}

[Site "Europe Echecs"]

[Event "Tata Steel Masters"]
[Date "2026.01.25"]
[White "Giri, Anish"]
[Black "Fedoseev, Vladimir"]
[WhiteElo "2760"]
[BlackElo "2705"]
[Round "9.9.3"]
[Result "1/2-1/2"]

e4 {[%clk 01:59:57] [%emt 00:00:02]} e5 {[%clk 01:59:17] [%emt 00:00:43]} Nf3
{[%clk 01:59:51] [%emt 00:00:06]} Nf6 {[%clk 01:59:11] [%emt 00:00:06]} d4
{[%clk 01:59:44] [%emt 00:00:07]} Nxe4 {[%clk 01:59:00] [%emt 00:00:11]} dxe5
{[%clk 01:59:39] [%emt 00:00:05]} d5 {[%clk 01:58:52] [%emt 00:00:08]} Nbd2
{[%clk 01:59:32] [%emt 00:00:06]} Nxd2 {[%clk 01:55:32] [%emt 00:03:22]} Bxd2
{[%clk 01:59:21] [%emt 00:00:11]} Be7 {[%clk 01:55:25] [%emt 00:00:07]} Bd3
{[%clk 01:58:35] [%emt 00:00:45]} c5 {[%clk 01:54:21] [%emt 00:01:04]} c3 {[%clk
01:58:27] [%emt 00:00:08]} Nc6 {[%clk 01:54:15] [%emt 00:00:05]} Qe2 {[%clk
01:58:02] [%emt 00:00:25]} Be6 {[%clk 01:49:48] [%emt 00:04:27]} O-O {[%clk
01:57:19] [%emt 00:00:43]} h6 {[%clk 01:40:41] [%emt 00:09:07]} Rad1 {[%clk
01:52:32] [%emt 00:04:47]} Qd7 {[%clk 01:40:29] [%emt 00:00:12]} Be3 {[%clk
01:32:33] [%emt 00:20:00]} Rd8 {[%clk 01:32:45] [%emt 00:07:43]} Rfe1 {[%clk
01:29:34] [%emt 00:02:59]} b6 {[%clk 01:24:58] [%emt 00:07:48]} b4 {[%clk
01:07:50] [%emt 00:21:44]} O-O {[%clk 01:12:55] [%emt 00:12:02]} bxc5 {[%clk
00:48:15] [%emt 00:19:36]} bxc5 {[%clk 01:12:48] [%emt 00:00:07]} h3 {[%clk
00:46:52] [%emt 00:01:23]} Bf5 {[%clk 01:09:17] [%emt 00:03:30]} Bxf5 {[%clk
00:46:01] [%emt 00:00:51]} Qxf5 {[%clk 01:09:10] [%emt 00:00:07]} Bxc5 {[%clk
00:45:16] [%emt 00:00:45]} Bxc5 {[%clk 01:08:59] [%emt 00:00:10]} Qb5 {[%clk
00:45:14] [%emt 00:00:02]} Nxe5 {[%clk 00:57:04] [%emt 00:11:55]} Rxe5 {[%clk
00:45:07] [%emt 00:00:07]} Qc2 {[%clk 00:57:01] [%emt 00:00:03]} Qe2 {[%clk
00:44:46] [%emt 00:00:21]} Qxc3 {[%clk 00:56:49] [%emt 00:00:13]} Rexd5 {[%clk
00:44:39] [%emt 00:00:07]} Rxd5 {[%clk 00:54:23] [%emt 00:02:26]} Rxd5 {[%clk
00:44:36] [%emt 00:00:04]} Bb6 {[%clk 00:54:15] [%emt 00:00:07]} Rd3 {[%clk
00:38:41] [%emt 00:05:55]} Qc4 {[%clk 00:50:41] [%emt 00:03:33]} Rd2 {[%clk
00:38:31] [%emt 00:00:11]} Qa4 {[%clk 00:45:52] [%emt 00:04:49]} Qd1 {[%clk
00:37:40] [%emt 00:00:50]} Qxd1+ {[%clk 00:44:37] [%emt 00:01:15]} Rxd1 {[%clk
00:37:35] [%emt 00:00:05]} Rc8 {[%clk 00:44:29] [%emt 00:00:09]} Rd2 {[%clk
00:31:44] [%emt 00:05:51]} h5 {[%clk 00:37:19] [%emt 00:07:10]} g3 {[%clk
00:30:32] [%emt 00:01:13]} f6 {[%clk 00:35:05] [%emt 00:02:14]} Kg2 {[%clk
00:24:48] [%emt 00:05:44]} g6 {[%clk 00:31:40] [%emt 00:03:25]} h4 {[%clk
00:24:32] [%emt 00:00:16]} Kf7 {[%clk 00:30:49] [%emt 00:00:54]} Ng1 {[%clk
00:24:19] [%emt 00:00:13]} Rc4 {[%clk 00:24:13] [%emt 00:06:36]} Ne2 {[%clk
00:21:18] [%emt 00:03:01]} a5 {[%clk 00:18:14] [%emt 00:05:59]} Nf4 {[%clk
00:20:01] [%emt 00:01:17]} Bc7 {[%clk 00:16:35] [%emt 00:01:40]} Nd5 {[%clk
00:19:53] [%emt 00:00:08]} Be5 {[%clk 00:16:09] [%emt 00:00:25]} Ne3 {[%clk
00:19:21] [%emt 00:00:32]} Ra4 {[%clk 00:16:07] [%emt 00:00:02]} Rc2 {[%clk
00:18:18] [%emt 00:01:03]} Ke6 {[%clk 00:15:44] [%emt 00:00:23]} Rc6+ {[%clk
00:17:25] [%emt 00:00:54]} Kd7 {[%clk 00:15:29] [%emt 00:00:14]} Rc2 {[%clk
00:16:46] [%emt 00:00:39]} Bd4 {[%clk 00:13:53] [%emt 00:01:36]} Nd5 {[%clk
00:45:17] [%emt 00:01:59]} Ke6 {[%clk 00:43:46] [%emt 00:00:37]} Nc7+ {[%clk
00:40:30] [%emt 00:05:17]} Kf5 {[%clk 00:39:33] [%emt 00:04:43]} Nb5 {[%clk
00:36:46] [%emt 00:04:14]} Be5 {[%clk 00:31:21] [%emt 00:08:42]} f4 {[%clk
00:34:32] [%emt 00:02:44]} Ba1 {[%clk 00:30:00] [%emt 00:01:51]} Kf3 {[%clk
00:33:14] [%emt 00:01:48]} Ke6 {[%clk 00:27:03] [%emt 00:03:27]} a3 {[%clk
00:26:46] [%emt 00:06:59]} f5 {[%clk 00:24:32] [%emt 00:03:00]} Rc1 {[%clk
00:26:47] [%emt 00:00:29]} Bb2 {[%clk 00:23:12] [%emt 00:01:50]} Rc2 {[%clk
00:26:56] [%emt 00:00:20]} Ba1 {[%clk 00:23:40] [%emt 00:00:03]} Rc1 {[%clk
00:27:15] [%emt 00:00:12]} Bb2 {[%clk 00:24:06] [%emt 00:00:04]} Rc2 {[%clk
00:27:40] [%emt 00:00:05]} Ba1 {[%clk 00:24:32] [%emt 00:00:03]}

[Site "Europe Echecs"]

[Event "Tata Steel Masters"]
[Date "2026.01.25"]
[White "Sindarov, Javokhir"]
[Black "Abdusattorov, Nodirbek"]
[WhiteElo "2726"]
[BlackElo "2751"]
[Round "9.9.4"]
[Result "1/2-1/2"]

d4 {[%clk 01:59:54] [%emt 00:00:05]} d5 {[%clk 01:59:02] [%emt 00:00:58]} c4
{[%clk 01:59:43] [%emt 00:00:12]} c6 {[%clk 01:58:52] [%emt 00:00:11]} Nf3
{[%clk 01:58:35] [%emt 00:01:07]} Nf6 {[%clk 01:58:44] [%emt 00:00:07]} g3
{[%clk 01:58:12] [%emt 00:00:24]} Bg4 {[%clk 01:58:37] [%emt 00:00:06]} Ne5
{[%clk 01:57:17] [%emt 00:00:55]} Bf5 {[%clk 01:58:27] [%emt 00:00:10]} cxd5
{[%clk 01:56:14] [%emt 00:01:04]} Qxd5 {[%clk 01:58:21] [%emt 00:00:06]} f3
{[%clk 01:31:50] [%emt 00:24:24]} Bxb1 {[%clk 01:58:09] [%emt 00:00:11]} Rxb1
{[%clk 01:31:47] [%emt 00:00:03]} Qxa2 {[%clk 01:58:01] [%emt 00:00:08]} Bd2
{[%clk 01:30:50] [%emt 00:00:57]} Nbd7 {[%clk 01:56:37] [%emt 00:01:25]} e4
{[%clk 01:27:50] [%emt 00:03:01]} Nxe5 {[%clk 01:56:22] [%emt 00:00:14]} dxe5
{[%clk 01:27:42] [%emt 00:00:08]} Nd7 {[%clk 01:56:18] [%emt 00:00:03]} Bc3
{[%clk 01:24:53] [%emt 00:02:50]} Nc5 {[%clk 01:56:10] [%emt 00:00:08]} Ra1
{[%clk 01:22:07] [%emt 00:02:46]} Qb3 {[%clk 01:56:02] [%emt 00:00:07]} Qxb3
{[%clk 01:17:17] [%emt 00:04:50]} Nxb3 {[%clk 01:55:55] [%emt 00:00:07]} Ra3
{[%clk 01:17:13] [%emt 00:00:04]} Nc5 {[%clk 01:55:50] [%emt 00:00:05]} b4
{[%clk 01:17:10] [%emt 00:00:03]} Ne6 {[%clk 01:55:45] [%emt 00:00:05]} b5
{[%clk 01:15:34] [%emt 00:01:36]} Nc7 {[%clk 01:55:31] [%emt 00:00:14]} bxc6
{[%clk 01:09:49] [%emt 00:05:45]} e6 {[%clk 01:55:25] [%emt 00:00:06]} cxb7
{[%clk 01:04:44] [%emt 00:05:06]} Bxa3 {[%clk 01:55:21] [%emt 00:00:04]} bxa8=N
{[%clk 01:04:27] [%emt 00:00:17]} Nxa8 {[%clk 01:55:18] [%emt 00:00:03]} Kd2
{[%clk 01:04:11] [%emt 00:00:15]} Ke7 {[%clk 01:54:21] [%emt 00:00:57]} Bd3
{[%clk 01:03:44] [%emt 00:00:27]} Rb8 {[%clk 01:50:04] [%emt 00:04:17]} Ra1
{[%clk 01:01:47] [%emt 00:01:58]} Bc5 {[%clk 01:49:58] [%emt 00:00:06]} f4
{[%clk 01:00:28] [%emt 00:01:19]} Nc7 {[%clk 01:46:41] [%emt 00:03:17]} Ra5
{[%clk 00:56:11] [%emt 00:04:17]} Bg1 {[%clk 01:46:27] [%emt 00:00:14]} Ra1
{[%clk 00:53:36] [%emt 00:02:35]} Bc5 {[%clk 01:46:09] [%emt 00:00:19]} Ba5
{[%clk 00:49:54] [%emt 00:03:41]} Kd7 {[%clk 01:38:04] [%emt 00:08:06]} Bc2
{[%clk 00:42:56] [%emt 00:06:58]} Na6 {[%clk 01:30:46] [%emt 00:07:18]} g4
{[%clk 00:37:56] [%emt 00:05:00]} Ke7 {[%clk 01:14:26] [%emt 00:16:20]} h4
{[%clk 00:33:27] [%emt 00:04:29]} g6 {[%clk 01:10:47] [%emt 00:03:39]} f5 {[%clk
00:31:33] [%emt 00:01:54]} Kf8 {[%clk 01:03:24] [%emt 00:07:22]} fxe6 {[%clk
00:09:05] [%emt 00:22:29]} fxe6 {[%clk 01:03:13] [%emt 00:00:11]} Bd3 {[%clk
00:08:57] [%emt 00:00:08]} Bb4+ {[%clk 00:57:53] [%emt 00:05:20]} Ke3 {[%clk
00:08:01] [%emt 00:00:54]} Bc5+ {[%clk 00:56:49] [%emt 00:01:06]} Kd2 {[%clk
00:07:56] [%emt 00:00:04]} Bb4+ {[%clk 00:56:44] [%emt 00:00:05]} Ke2 {[%clk
00:06:39] [%emt 00:01:16]} Bxa5 {[%clk 00:52:33] [%emt 00:04:13]} Rxa5 {[%clk
00:06:20] [%emt 00:00:19]} Nb4 {[%clk 00:52:23] [%emt 00:00:09]} Rxa7 {[%clk
00:05:51] [%emt 00:00:30]} Nc6 {[%clk 00:51:49] [%emt 00:00:33]} Ra6 {[%clk
00:04:09] [%emt 00:01:42]} Nxe5 {[%clk 00:51:34] [%emt 00:00:16]} Rxe6 {[%clk
00:34:33] [%emt 00:00:05]} Nxg4 {[%clk 01:21:20] [%emt 00:00:44]}

[Site "Europe Echecs"]

[Event "Tata Steel Masters"]
[Date "2026.01.25"]
[White "Van Foreest, Jorden"]
[Black "Keymer, Vincent"]
[WhiteElo "2703"]
[BlackElo "2776"]
[Round "9.9.5"]
[Result "1-0"]

Nf3 {[%clk 01:59:55] [%emt 00:00:03]} d5 {[%clk 01:58:46] [%emt 00:01:15]} d4
{[%clk 01:59:48] [%emt 00:00:07]} Nf6 {[%clk 01:58:39] [%emt 00:00:08]} Bf4
{[%clk 01:59:42] [%emt 00:00:05]} e6 {[%clk 01:56:09] [%emt 00:02:31]} e3 {[%clk
01:59:13] [%emt 00:00:28]} Bd6 {[%clk 01:55:49] [%emt 00:00:21]} Bd3 {[%clk
01:58:05] [%emt 00:01:07]} Bxf4 {[%clk 01:49:30] [%emt 00:06:19]} exf4 {[%clk
01:57:57] [%emt 00:00:08]} Qd6 {[%clk 01:49:28] [%emt 00:00:03]} Qd2 {[%clk
01:57:41] [%emt 00:00:15]} b6 {[%clk 01:45:28] [%emt 00:04:01]} Nc3 {[%clk
01:52:57] [%emt 00:04:43]} c5 {[%clk 01:36:31] [%emt 00:08:57]} h4 {[%clk
01:52:13] [%emt 00:00:43]} Nc6 {[%clk 01:25:46] [%emt 00:10:47]} h5 {[%clk
01:50:13] [%emt 00:01:59]} Bb7 {[%clk 01:22:33] [%emt 00:03:14]} h6 {[%clk
01:46:07] [%emt 00:04:06]} g6 {[%clk 01:22:05] [%emt 00:00:28]} Bb5 {[%clk
01:39:04] [%emt 00:07:02]} c4 {[%clk 00:55:53] [%emt 00:26:13]} Ne5 {[%clk
01:35:25] [%emt 00:03:38]} Ng8 {[%clk 00:52:19] [%emt 00:03:34]} O-O-O {[%clk
01:26:09] [%emt 00:09:16]} f6 {[%clk 00:49:14] [%emt 00:03:06]} Nxc4 {[%clk
01:21:11] [%emt 00:04:58]} dxc4 {[%clk 00:48:56] [%emt 00:00:18]} d5 {[%clk
01:21:06] [%emt 00:00:05]} exd5 {[%clk 00:46:34] [%emt 00:02:22]} Qe3+ {[%clk
01:10:57] [%emt 00:10:08]} Kf8 {[%clk 00:29:25] [%emt 00:17:10]} Rxd5 {[%clk
01:09:34] [%emt 00:01:22]} Qe7 {[%clk 00:21:31] [%emt 00:07:55]} Qd2 {[%clk
01:08:00] [%emt 00:01:33]} Ne5 {[%clk 00:19:51] [%emt 00:01:41]} fxe5 {[%clk
01:02:46] [%emt 00:05:14]} Bxd5 {[%clk 00:19:50] [%emt 00:00:01]} Nxd5 {[%clk
01:02:40] [%emt 00:00:06]} Qc5 {[%clk 00:19:26] [%emt 00:00:24]} Nf4 {[%clk
00:55:03] [%emt 00:07:36]} c3 {[%clk 00:09:17] [%emt 00:10:09]} Qd7 {[%clk
00:51:33] [%emt 00:03:30]} Qe7 {[%clk 00:08:27] [%emt 00:00:50]} Qd5 {[%clk
00:49:51] [%emt 00:01:41]} Re8 {[%clk 00:03:39] [%emt 00:04:49]} Bxe8 {[%clk
00:49:19] [%emt 00:00:34]} fxe5 {[%clk 00:03:37] [%emt 00:00:03]} Bxg6 {[%clk
00:48:11] [%emt 00:01:07]}

[Site "Europe Echecs"]

[Event "Tata Steel Masters"]
[Date "2026.01.25"]
[White "Erigaisi Arjun"]
[Black "Niemann, Hans Moke"]
[WhiteElo "2775"]
[BlackElo "2725"]
[Round "9.9.6"]
[Result "1/2-1/2"]

Nf3 {[%clk 01:59:42] [%emt 00:00:16]} Nf6 {[%clk 01:59:27] [%emt 00:00:33]} c4
{[%clk 01:59:36] [%emt 00:00:07]} c5 {[%clk 01:59:16] [%emt 00:00:11]} Nc3
{[%clk 01:59:31] [%emt 00:00:06]} Nc6 {[%clk 01:59:07] [%emt 00:00:07]} d4
{[%clk 01:59:26] [%emt 00:00:07]} cxd4 {[%clk 01:58:52] [%emt 00:00:15]} Nxd4
{[%clk 01:59:21] [%emt 00:00:05]} e6 {[%clk 01:58:42] [%emt 00:00:10]} a3 {[%clk
01:59:16] [%emt 00:00:06]} Bc5 {[%clk 01:55:43] [%emt 00:02:58]} Nb3 {[%clk
01:58:53] [%emt 00:00:24]} Bb6 {[%clk 01:54:51] [%emt 00:00:51]} Bf4 {[%clk
01:58:39] [%emt 00:00:14]} d5 {[%clk 01:49:36] [%emt 00:05:16]} c5 {[%clk
01:58:18] [%emt 00:00:21]} Bc7 {[%clk 01:48:16] [%emt 00:01:18]} Bxc7 {[%clk
01:57:44] [%emt 00:00:35]} Qxc7 {[%clk 01:48:06] [%emt 00:00:10]} Nb5 {[%clk
01:57:39] [%emt 00:00:06]} Qe5 {[%clk 01:44:26] [%emt 00:03:39]} Nd6+ {[%clk
01:57:04] [%emt 00:00:35]} Ke7 {[%clk 01:41:38] [%emt 00:02:47]} Qc1 {[%clk
01:56:55] [%emt 00:00:09]} Rd8 {[%clk 01:28:47] [%emt 00:12:50]} f4 {[%clk
01:47:50] [%emt 00:09:07]} Qh5 {[%clk 01:28:12] [%emt 00:00:34]} e3 {[%clk
01:47:14] [%emt 00:00:37]} Ne4 {[%clk 01:23:06] [%emt 00:05:05]} Nxe4 {[%clk
01:46:24] [%emt 00:00:50]} dxe4 {[%emt 00:19:09]} Be2 {[%clk 01:21:51] [%emt
00:05:30]} Qh4+ {[%clk 01:22:49] [%emt 00:00:12]} g3 {[%clk 01:21:45] [%emt
00:00:06]} Qh3 {[%clk 01:22:39] [%emt 00:00:10]} Bf1 {[%clk 01:21:39] [%emt
00:00:07]} Qh5 {[%clk 01:22:08] [%emt 00:00:31]} Be2 {[%clk 01:21:23] [%emt
00:00:17]} Qh3 {[%clk 01:22:03] [%emt 00:00:05]} Bf1 {[%clk 01:21:17] [%emt
00:00:06]} Qh5 {[%clk 01:21:46] [%emt 00:00:16]} Be2 {[%clk 01:21:07] [%emt
00:00:12]} Qh3 {[%emt 00:01:02]}

[Site "Europe Echecs"]